MARC details
| 000 -LEADER |
| fixed length control field |
02318cam a2200361 a 4500 |
| 001 - CONTROL NUMBER |
| control field |
14753943 |
| 003 - CONTROL NUMBER IDENTIFIER |
| control field |
GZU |
| 005 - DATE AND TIME OF LATEST TRANSACTION |
| control field |
20210506091910.0 |
| 008 - FIXED-LENGTH DATA ELEMENTS--GENERAL INFORMATION |
| fixed length control field |
070301s2008 maua 000 0 eng |
| 010 ## - LIBRARY OF CONGRESS CONTROL NUMBER |
| LC control number |
2007008013 |
| 020 ## - INTERNATIONAL STANDARD BOOK NUMBER |
| International Standard Book Number |
9781405163101 (pbk. : alk. paper) |
| 020 ## - INTERNATIONAL STANDARD BOOK NUMBER |
| International Standard Book Number |
1405163100 (pbk. : alk. paper) |
| 035 ## - SYSTEM CONTROL NUMBER |
| System control number |
(OCoLC)ocm85692832 |
| 035 ## - SYSTEM CONTROL NUMBER |
| System control number |
(OCoLC)85692832 |
| 040 ## - CATALOGING SOURCE |
| Original cataloging agency |
DLC |
| Transcribing agency |
DLC |
| Modifying agency |
BAKER |
| -- |
BTCTA |
| -- |
BWKUK |
| -- |
YDXCP |
| -- |
BWK |
| -- |
DLC |
| 050 00 - LIBRARY OF CONGRESS CALL NUMBER |
| Classification number |
HD30.28 |
| Item number |
.G716 2008 |
| 082 00 - DEWEY DECIMAL CLASSIFICATION NUMBER |
| Classification number |
658.4/012 |
| Edition number |
22 |
| 100 1# - MAIN ENTRY--PERSONAL NAME |
| Personal name |
Grant, Robert M., |
| Dates associated with a name |
1948- |
| 245 10 - TITLE STATEMENT |
| Title |
Cases to accompany Contemporary strategy analysis / |
| Statement of responsibility, etc. |
Robert M. Grant. |
| 250 ## - EDITION STATEMENT |
| Edition statement |
6th ed. |
| 260 ## - PUBLICATION, DISTRIBUTION, ETC. |
| Place of publication, distribution, etc. |
Malden, MA ; |
| -- |
Oxford : |
| Name of publisher, distributor, etc. |
Blackwell Pub., |
| Date of publication, distribution, etc. |
2008. |
| 300 ## - PHYSICAL DESCRIPTION |
| Extent |
xiv, 347 p. : |
| Other physical details |
ill. ; |
| Dimensions |
25 cm. |
| 505 0# - FORMATTED CONTENTS NOTE |
| Formatted contents note |
Madonna -- Laura Ashley Holdings plc : the battle for survival -- The US airline industry in 2007 -- Ford and the world automobile industry in 2007 -- Wal-Mart Stores Inc., 2007 -- Manchester United : the Glazer takeover -- Eastman Kodak : meeting the digital challenge -- Organizational restructuring within the Royal Dutch Shell Group -- Harley-Davidson, Inc., January 2007 -- Raisio Group and the Benecol launch -- Rivalry in video games -- Eni SpA : building an international energy major -- Birds Eye and the UK frozen food industry -- Outback Steakhouse : going international -- Euro Disney : from dream to nightmare -- Richard Branson and the Virgin Group of companies in 2004 -- Jack Welch and the General Electric management system -- Jeff Immelt at General Electric, 2001-2006 -- AES Corporation : rewriting the rules of management. |
| 650 #0 - SUBJECT ADDED ENTRY--TOPICAL TERM |
| Topical term or geographic name entry element |
Strategic planning |
| Form subdivision |
Case studies. |
| 650 #0 - SUBJECT ADDED ENTRY--TOPICAL TERM |
| Topical term or geographic name entry element |
Decision making |
| Form subdivision |
Case studies. |
| 700 1# - ADDED ENTRY--PERSONAL NAME |
| Personal name |
Grant, Robert M., |
| Dates associated with a name |
1948- |
| Title of a work |
Contemporary strategy analysis. |
| 856 41 - ELECTRONIC LOCATION AND ACCESS |
| Materials specified |
Table of contents only |
| Uniform Resource Identifier |
<a href="http://www.loc.gov/catdir/toc/ecip0712/2007008013.html">http://www.loc.gov/catdir/toc/ecip0712/2007008013.html</a> |
| 856 42 - ELECTRONIC LOCATION AND ACCESS |
| Materials specified |
Contributor biographical information |
| Uniform Resource Identifier |
<a href="http://www.loc.gov/catdir/enhancements/fy0827/2007008013-b.html">http://www.loc.gov/catdir/enhancements/fy0827/2007008013-b.html</a> |
| 856 42 - ELECTRONIC LOCATION AND ACCESS |
| Materials specified |
Publisher description |
| Uniform Resource Identifier |
<a href="http://www.loc.gov/catdir/enhancements/fy0827/2007008013-d.html">http://www.loc.gov/catdir/enhancements/fy0827/2007008013-d.html</a> |
| 906 ## - LOCAL DATA ELEMENT F, LDF (RLIN) |
| a |
7 |
| b |
cbc |
| c |
orignew |
| d |
1 |
| e |
ecip |
| f |
20 |
| g |
y-gencatlg |
| 942 ## - ADDED ENTRY ELEMENTS (KOHA) |
| Source of classification or shelving scheme |
Library of Congress Classification |
| Koha item type |
Books |
| Edition |
6th |
| Classification part |
30.28 |
| Item part |
GRA |
| Call number prefix |
HD |
| Call number suffix |
2008 |